|
|
|
|
| LEADER |
01198naa a2200253 i 4500 |
| 001 |
acta46042 |
| 005 |
20230612101757.0 |
| 008 |
170626s1983 hu o 1|| hun d |
| 040 |
|
|
|a SZTE Egyetemi Kiadványok Repozitórium
|b hun
|
| 041 |
|
|
|a hun
|
| 100 |
1 |
|
|a Tolner László
|
| 245 |
1 |
0 |
|a Biomatematikai modellezés módszertani problémái talaj biotesztek értelmezésénél
|h [elektronikus dokumentum] /
|c Tolner László
|
| 260 |
|
|
|c 1983
|
| 300 |
|
|
|a 139-145
|
| 490 |
0 |
|
|a Számítástechnikai és kibernetikai módszerek alkalmazása az orvostudományban és a biológiában
|v 11
|
| 650 |
|
4 |
|a Természettudományok
|
| 650 |
|
4 |
|a Matematika
|
| 650 |
|
4 |
|a Számítás- és információtudomány
|
| 650 |
|
4 |
|a Biológiai tudományok
|
| 695 |
|
|
|a Talajvizsgálat, Növényélettan, Növénytan - mezőgazdasági, Matematikai modell, Számítógép alkalmazása, Biomatematika
|
| 700 |
0 |
1 |
|a Székely Gábor
|e aut
|
| 700 |
0 |
1 |
|a Biczók Gyula
|e aut
|
| 711 |
|
|
|a Számítástechnikai és kibernetikai módszerek alkalmazása az orvostudományban és a biológiában
|c Szeged
|d 1982. december 6-8.
|
| 856 |
4 |
0 |
|u http://acta.bibl.u-szeged.hu/46042/1/szamtech_orvost_koll_011_139-145.pdf
|z Dokumentum-elérés
|